00779nam a2200217Ii 45000010005000000030009000050080041000140400033000550410008000880820019000961100032001152450064001472640041002113000012002523360026002643370028002903380027003189400050003459990017003959520149004128457CO-ViMGA241108s9999||||xx |||||||||||||| ||und|| aCO-ViMGAbspaerdacCO-ViMGA0 aspa04a614.48617 M1811 aMinisterio de salud,91833110aPerfiles epidemiológicas :bregiones orinoquia y amazonia 1aBogotá, Colombia : Margarita, 1996 avolumen atextbtxt2rdacontent aunmediatedbn2rdamedia avolumebnc2rdacarrier aidficha_siabuc: 8263. -- ficha_no_siabuc:8457 c48215d48215 001040708FPatriOrinoaMEVIGERRbMEVIGERRcLOCALd2006-11-27o614.48617 M181pECA8674r2024-11-26 09:50:02tEj.1w2024-11-26yBKz8263 | 11539